kiirootyeet Nyee Leel. (Record no. 39704)
[ view plain ]
| 000 -LEADER | |
|---|---|
| fixed length control field | 00521nam a22001811a 4500 |
| 005 - DATE AND TIME OF LATEST TRANSACTION | |
| control field | 20110718133049.0 |
| 008 - FIXED-LENGTH DATA ELEMENTS--GENERAL INFORMATION | |
| fixed length control field | 091005s1997 001 0 eng d |
| 020 ## - INTERNATIONAL STANDARD BOOK NUMBER | |
| Terms of availability | 0.00 |
| 040 ## - CATALOGING SOURCE | |
| Original cataloging agency | NEGST Library - Kenya |
| 050 #4 - LIBRARY OF CONGRESS CALL NUMBER | |
| Classification number | BS 325.S33 1997 |
| 082 0# - DEWEY DECIMAL CLASSIFICATION NUMBER | |
| Classification number | BS 325.S33 1997 |
| 245 00 - TITLE STATEMENT | |
| Title | kiirootyeet Nyee Leel. |
| 260 ## - PUBLICATION, DISTRIBUTION, ETC. (IMPRINT) | |
| Place of publication, distribution, etc | Nairobi : |
| Name of publisher, distributor, etc | Bible Translation & Lite, |
| Date of publication, distribution, etc | 1997. |
| 300 ## - PHYSICAL DESCRIPTION | |
| Extent | v, 674p. |
| 500 ## - GENERAL NOTE | |
| General note | [Africana] Includes maps. |
| 600 10 - SUBJECT ADDED ENTRY--PERSONAL NAME | |
| Personal name | Bible-Sabaot. |
| 852 ## - LOCATION/CALL NUMBER | |
| -- | 17.00 |
| Withdrawn status | Lost status | Source of classification or shelving scheme | Damaged status | Not for loan | Collection code | Home library | Current library | Shelving location | Date acquired | Cost, normal purchase price | Full call number | Barcode | Date last seen | Price effective from | Koha item type | Source of acquisition | Total Checkouts | Copy number |
|---|---|---|---|---|---|---|---|---|---|---|---|---|---|---|---|---|---|---|
| Library of Congress Classification | Reference | AIU/NEGST - Tony Wilmot Memorial Library | AIU/NEGST - Tony Wilmot Memorial Library | Reference | 02/05/2010 | 17.00 | REF BS 325.S33 1997 | R17537K3232 | 09/26/2019 | 02/05/2010 | Africana collection ( Reference) | |||||||
| Library of Congress Classification | Reference | AIU/NEGST - Tony Wilmot Memorial Library | AIU/NEGST - Tony Wilmot Memorial Library | Reference | 06/21/2016 | REF BS 325.S33 1997 | T00332W3232 | 09/26/2019 | 11/09/2018 | Reference | Donation - SIL Sudan | 2 |
